Campbell's Soups Quiz Stats

 Plays Quiz Updated Jan 25, 2019

     
Support Sporcle.
Go Orange.
Score 0/63 Timer 10:00
10 Plays Today
Category Flavor/Variety % Correct
Family FavoritesTomato
93.4%
Family FavoritesChicken Noodle
91.6%
Great For Cooking & Family FavoritesCream of Mushroom
80.4%
ClassicVegetable
66.2%
Great For CookingCream of Chicken
61.5%
Kids’ SoupsChicken & Stars
49.3%
Great For CookingCream of Broccoli
46.6%
Great For CookingCream of Celery
43.7%
Great For CookingChicken Broth
38.7%
ClassicMinestrone
37.2%
ClassicChicken with Rice
37.1%
ClassicCream of Potato
34.1%
Great For CookingBeef Broth
33.3%
Great For CookingFrench Onion
27.7%
ClassicSplit Pea with Ham & Bacon
25.4%
ClassicVegetable Beef
25.1%
ClassicNew England Clam Chowder
25%
ClassicBeef with Vegetables and Barley
23.3%
Great For CookingCream of Asparagus
21.4%
ClassicItalian-Style Wedding
20.9%
ClassicBeef Noodle
16.9%
Great For CookingBroccoli Cheese
16.8%
Great For CookingCream of Onion
16.7%
ClassicManhattan Clam Chowder
15.6%
Great For CookingCheddar Cheese
15.3%
ClassicLentil
14.8%
ClassicChicken Vegetable
14.6%
ClassicBean with Bacon
12.7%
Kids’ SoupsChicken Alphabet
10.6%
ClassicOld Fashioned Tomato Rice
9.2%
ClassicTomato Bisque
9.1%
ClassicVegetarian Vegetable
8.1%
Category Flavor/Variety % Correct
Great For CookingGolden Mushroom
7.8%
ClassicChicken & Dumplings
7.7%
ClassicChicken Gumbo
7.1%
Great For CookingCream of Shrimp
7%
Kids' SoupsChicken NoodleO’s®
6.7%
Great For CookingBeef Consommé
5.8%
ClassicGreen Pea
4.8%
ClassicScotch Broth
4.5%
ClassicHomestyle Chicken Noodle
4.2%
Great For CookingCream of Chicken and Mushroom
3.8%
Kids' SoupsNickelodeon® Dora the Explorer™
3.7%
Kids' SoupsDisney Princess™
3.5%
Great For CookingBeefy Mushroom
3.2%
Kids’ SoupsMega Noodle
3%
Kids' SoupsDisney/Pixar Cars™
2.9%
ClassicChicken Won Ton
2.8%
ClassicCreamy Chicken Noodle
2.8%
ClassicPepper Pot
2.8%
ClassicOyster Stew
2.8%
Great For CookingCream of Chicken with Herbs
2.5%
Great For CookingFiesta Nacho Cheese
2.4%
Kids' SoupsDreamworks® Shrek®
2.4%
Kids’ SoupsCurly Noodle
2.3%
Great For CookingCream of Mushroom with Roasted Garlic
1.9%
ClassicChicken with White & Wild Rice
1.9%
ClassicOld Fashioned Vegetable
1.7%
Kids’ SoupsGoldfish® Pasta
1.6%
Kids' SoupsDouble Noodle® Chicken
1.5%
ClassicChicken Mushroom Barley
1.5%
Kids’ SoupsGoldfish® Pasta & Meatball
1%
ClassicSouthwest-Style Chicken Vegetable
0.8%

From the Vault

50 Hits to Click: 1999

by caramba

Music 6m
And none of them are scrubs.
Remove Ads.
Support Sporcle.
Get the best of Sporcle when you Go Orange. This ad-free experience offers more features, more stats, and more fun while also helping to support Sporcle. Thank you for becoming a member.

Show Comments

Extras

Top Quizzes Today


Score Distribution

Your Account Isn't Verified!

In order to create a playlist on Sporcle, you need to verify the email address you used during registration. Go to your Sporcle Settings to finish the process.

Report this User

Report this user for behavior that violates our Community Guidelines.

Details: